| 000 | 00748cam a22002653a 4500 | ||
|---|---|---|---|
| 001 | 13922 | ||
| 003 | PGUSA | ||
| 005 | 20140828083310.0 | ||
| 008 | 041101s2004||||xxu|||||s|||||000 1 eng d | ||
| 040 |
_aPGUSA _beng |
||
| 042 | _adc | ||
| 050 | 4 | _aPT | |
| 100 | 1 |
_aLie, Jonas, _d1833-1908 |
|
| 245 | 1 | 4 |
_aThe Visionary : _bPictures From Nordland _h[electronic resource] / _cJonas Lie |
| 260 |
_bProject Gutenberg, _c2004 |
||
| 500 | _aTranslation of: Den Fremsynte | ||
| 506 | _aPublic domain in the USA. | ||
| 516 | _aElectronic text | ||
| 653 | _aNorway -- Fiction | ||
| 700 | 1 | _aMuir, Jessie | |
| 740 | 0 | _aDen Fremsynte. English | |
| 830 | 0 |
_aProject Gutenberg _v13922 |
|
| 856 | 4 | 0 | _uhttp://www.gutenberg.org/ebooks/13922 |
| 942 | _cEB | ||
| 999 |
_c243177 _d243177 |
||